Informe pronunciado ante el Tribunal Contencioso-administrativo : [en pleito sobre] concierto con los fabricantes para el pago del impuesto de polvoras y mezclas explosivas y Sentencia dictada en este pleito administrativo / (Record no. 53973)

MARC details
000 -LEADER
campo de control de longitud fija 00787nam a22001815i 4500
001 - NÚMERO DE CONTROL
campo de control 53973
003 - IDENTIFICADOR DE NÚMERO DE CONTROL
campo de control ES-MaACL
005 - FECHA Y HORA DE LA ÚLTIMA TRANSACCIÓN
campo de control 20250907063043.0
007 - CAMPO FIJO DE DESCRIPCIÓN FÍSICA--INFORMACIÓN GENERAL
campo de control de longitud fija t|
008 - DATOS DE LONGITUD FIJA--INFORMACIÓN GENERAL
campo de control de longitud fija 960710s1897 sp ||||1| spa d
040 ## - FUENTE DE CATALOGACIÓN
Centro catalogador/agencia de origen CAM
Lengua de catalogación spa
Centro/agencia transcriptor CAM
100 1# - ENTRADA PRINCIPAL--NOMBRE DE PERSONA
Nombre de persona Fernández Villaverde, Raimundo,
Fechas asociadas al nombre 1848-1905
9 (RLIN) 50163
245 10 - MENCIÓN DEL TÍTULO
Título Informe pronunciado ante el Tribunal Contencioso-administrativo : [en pleito sobre] concierto con los fabricantes para el pago del impuesto de polvoras y mezclas explosivas y Sentencia dictada en este pleito administrativo /
Mención de responsabilidad, etc. por el letrado D. Raimundo Fernández Villaverde...
260 ## - PUBLICACIÓN, DISTRIBUCIÓN, ETC.
Lugar de publicación, distribución, etc. Madrid :
Nombre del editor, distribuidor, etc. [s.n.],
Fecha de publicación, distribución, etc. 1897 (
Fabricante Establecimiento tipográfico de Enrique Teodoro)
300 ## - DESCRIPCIÓN FÍSICA
Extensión 98 p. ;
Dimensiones 29 cm.
852 ## - LOCALIZACIÓN
Ubicación ES-MaACL
Número de control de estantería T-782-F-8
Holdings
Estatus retirado Estado de pérdida Estado de daño No para préstamo Colección Biblioteca de origen Biblioteca actual Ubicación en estantería Fecha de adquisición Fuente de adquisición Total de préstamos Signatura topográfica completa Código de barras Visto por última vez Precio de reemplazo Tipo de ítem Koha
        Colección de folletos Biblioteca del Ateneo de Madrid Biblioteca del Ateneo de Madrid Depósito folletos 17/01/2008     T-782-F-8 1056724 23/02/2023 23/02/2023 Folleto